Statistics for Characters who have lifted Thor's Hammer

Click here to take the quiz!

General Stats

  • This quiz has been taken 294 times
  • The average score is 4 of 11

Answer Stats

Answer% Correct
Captain America
91%
Vision
73%
Loki
59%
Hulk
49%
Superman
42%
Wonder Woman
28%
Spiderman
24%
Beta Ray Bill
20%
Magneto
10%
Awesome Android
4%
Ragnarok
3%

Score Distribution

Percentile by Number Answered

Percent of People with Each Score

Your Score History

You have not taken this quiz